| 000 | 00802cam a2200181 i 4500 | ||
|---|---|---|---|
| 040 | _cDLC | ||
| 082 | 0 | 0 | _a664 FOO 1974 C158 Or. |
| 245 | 0 | 0 |
_aRefrigeration applications to fish, fruit, and vegetables in South East Asia : _ban international short-term training course, Durgapur, India, January 14-24, 1974. |
| 260 |
_aRome : _bFood and Agriculture Organization of the United Nations, _cc1974. |
||
| 300 |
_a249 p. : _bill. ; _c24 cm. |
||
| 500 | _aSponsored by Food and Agriculture Organization of the United Nations and International Institute of Refrigeration. | ||
| 500 | _aErrata slip inserted. | ||
| 650 | 0 | _aCold storage | |
| 650 | 0 | _aFrozen foods | |
| 710 | 2 | _aFood and Agriculture Organization of the United Nations. | |
| 710 | 2 | _aInternational Institute of Refrigeration. | |
| 942 | _cAEDBB | ||
| 999 |
_c19006 _d19006 |
||